[Event "III Corporation Cup A"]
[Site "Izhevsk RUS"]
[Date "2011.07.16"]
[Round "2"]
[White "Murzin,L"]
[Black "Potapov,P"]
[Result "1-0"]
[WhiteElo "2158"]
[BlackElo "2488"]

1.d4 f5 2.g3 Nf6 3.Bg2 g6 4.Nf3 Bg7 5.O-O O-O 6.c4 d6 7.Nc3 Qe8 8.d5 a5 9.Rb1 Bd7
10.b3 Na6 11.a3 Nc5 12.Bb2 h6 13.b4 axb4 14.axb4 Na4 15.Nxa4 Rxa4 16.Qb3 g5
17.c5 Ra8 18.c6 Bc8 19.cxb7 Bxb7 20.Nd4 Bc8 21.Rfc1 Ra7 22.Nc6 Ra8 23.Na5 Qd7
24.Qc2 Ne8 25.Bxg7 Kxg7 26.e3 Rf6 27.Nc6 Bb7 28.Nd4 Kh8 29.Ra1 Rxa1 30.Rxa1 f4
31.exf4 gxf4 32.Ra7 Bc8 33.Ne6 Rxe6 34.dxe6 Qxe6 35.Qe4 fxg3 36.Qxe6 gxh2+
37.Kxh2 Bxe6 38.Ra8 Bd7 39.Rd8 Ba4 40.Ra8 Bd7 41.Bh3 Bc6 42.Rb8  1-0

[Event "III Corporation Cup A"]
[Site "Izhevsk RUS"]
[Date "2011.07.17"]
[Round "3"]
[White "Ivanov,Stepan"]
[Black "Potapov,P"]
[Result "0-1"]
[WhiteElo "2038"]
[BlackElo "2488"]

1.d4 f5 2.Nf3 Nf6 3.g3 g6 4.Bg2 Bg7 5.O-O O-O 6.c4 d6 7.Nc3 Qe8 8.d5 a5 9.Nd4 Na6
10.a3 Bd7 11.Rb1 c6 12.b4 axb4 13.axb4 c5 14.bxc5 Nxc5 15.Nb3 Rc8 16.Ba3 Na4
17.Nxa4 Bxa4 18.Qd3 Ng4 19.f4 b5 20.c5 Bxb3 21.Qxb3 Bd4+ 22.Kh1 dxc5 23.Qxb5 Nf2+
24.Rxf2 Qxb5 25.Rxb5 Bxf2 26.Rb6 Rb8 27.Rxb8 Rxb8 28.Bf3 Be3 29.Kg2 Kf8  0-1

[Event "Pinnacle 48th COCC"]
[Site "Toronto CAN"]
[Date "2011.07.17"]
[Round "9"]
[White "Fedorowicz,J"]
[Black "Pechenkin,V"]
[Result "1/2-1/2"]
[WhiteElo "2454"]
[BlackElo "2297"]

1.d4 f5 2.Nf3 Nf6 3.g3 g6 4.Bg2 Bg7 5.O-O O-O 6.c4 d6 7.Nc3 Nc6 8.d5 Na5
9.Qa4 c5 10.dxc6 Nxc6 11.Rd1 Ne4 12.Nb5 Bd7 13.Qb3 Na5 14.Qb4 Rc8 15.Nd2 a6
16.Na3 Nc6 17.Qb3 Nc5 18.Qe3 Bd4 19.Qf3 e5 20.e3  1/2-1/2

[Event "Najdorf Memorial"]
[Site "Warsaw POL"]
[Date "2011.07.17"]
[Round "4.25"]
[White "Lagowski,P"]
[Black "Zadlo,T"]
[Result "1-0"]
[WhiteElo "2321"]
[BlackElo "2080"]

1.d4 f5 2.c4 Nf6 3.Nf3 g6 4.g3 Bg7 5.Bg2 O-O 6.O-O d6 7.Nc3 Qe8 8.Nd5 Nxd5
9.cxd5 Nd7 10.Ng5 Nf6 11.Qb3 Rb8 12.Bd2 h6 13.Ne6 Bxe6 14.dxe6 c6 15.Rac1 g5
16.Ba5 Qc8 17.d5 c5 18.Qd3 b5 19.Bd2 Ng4 20.Qc2 Qa6 21.b3 b4 22.h3 Ne5 23.f4 gxf4
24.Bxf4 Ng6 25.Be3 Rf6 26.Rf2 Rbf8 27.Rcf1 Ne5 28.Bf4 Ng6 29.Bc1 Ne5 30.Bb2 c4
31.Bxe5 cxb3 32.axb3 dxe5 33.Rxf5  1-0

[Event "III Corporation Cup A"]
[Site "Izhevsk RUS"]
[Date "2011.07.19"]
[Round "5"]
[White "Arzamastsev,A"]
[Black "Papayan,O"]
[Result "1/2-1/2"]
[WhiteElo "2165"]
[BlackElo "2285"]

1.d4 f5 2.c4 Nf6 3.g3 g6 4.Bg2 Bg7 5.Nf3 O-O 6.O-O d6 7.Nc3 Nc6 8.d5 Na5
9.Qd3 c5 10.b3 Ne4 11.Bb2 e5 12.dxe6 Bxe6 13.Rab1 Re8 14.Nd2 Nxc3 15.Bxc3 Nc6
16.Bxg7 Kxg7 17.Rbd1 Qe7 18.Nb1 Rad8 19.Nc3 Rd7 20.Rd2 Nb4 21.Qf3 Bf7 22.Rfd1 a6
23.h4 Qe5 24.e4 Nc6 25.exf5 Nd4 26.f6+ Qxf6 27.Qxf6+ Kxf6 28.Kf1 Rde7 29.Bd5 b5
30.cxb5 axb5 31.Bxf7 Kxf7 32.Rxd4 cxd4 33.Nxb5 Ra8 34.a4 d5 35.Nxd4 Kf6 36.f3 h5
37.Kf2 Ra6 38.Ra1 Ke5 39.Ke3 Kd6+ 40.Kd3 Ra8 41.Rc1 Rg8 42.b4 Rb7 43.Rc6+ Kd7
44.b5 Ra8 45.Nb3 Rc7 46.Nc5+ Kc8 47.Kd4 Rxc6 48.bxc6 Kc7 49.Kxd5 Ra5 50.Kd4 Kxc6
51.Ne4 Kd7 52.Ke3 Ke7 53.Kf4 Kf7 54.g4 hxg4 55.Kxg4 Rxa4 56.h5 gxh5+ 57.Kxh5 Ra3  1/2-1/2

[Event "4th Paleohora Open"]
[Site "Paleochora GRE"]
[Date "2011.07.21"]
[Round "3"]
[White "Tuhrim,R"]
[Black "Rychagov,A"]
[Result "0-1"]
[WhiteElo "2163"]
[BlackElo "2560"]

1.d4 f5 2.Nf3 g6 3.g3 Bg7 4.Bg2 Nf6 5.O-O O-O 6.c4 d6 7.Nc3 Qe8 8.d5 a5 9.Nd4 Na6
10.e4 fxe4 11.Nxe4 Nxe4 12.Bxe4 Bh3 13.Re1 Nc5 14.Bh1 h6 15.Be3 g5 16.Qd2 Qg6
17.Rad1 Nd7 18.Qd3 Qxd3 19.Rxd3 Ne5 20.Rc3 c5 21.dxc6 bxc6 22.Rc2 Rac8 23.f4 Nd3
24.Rd1 gxf4 25.gxf4 Bxd4 26.Bxd4 Nxf4 27.Be4 Bf5 28.Bxf5 Rxf5 29.Kh1 Kf7
30.Rf2 Rf8 31.Be3 Ke6 32.Rd4 Ke5 33.Rd1 h5 34.Bxf4+ Rxf4 35.Re1+ Kd4 36.Rd2+ Kxc4
37.Rxe7 R8f6 38.Rc2+ Kd5 39.Rc7 c5 40.Rd2+ Rd4 41.Rc2 Rg6 42.h3 Rd3 43.Ra7 Rxh3+
44.Rh2 Rxh2+ 45.Kxh2 Re6  0-1

[Event "2nd SPI Open"]
[Site "Satu Mare ROU"]
[Date "2011.07.21"]
[Round "8"]
[White "Bonte,An"]
[Black "Bogdan,Dan"]
[Result "0-1"]
[WhiteElo "2329"]
[BlackElo "2362"]

1.d4 f5 2.Nf3 Nf6 3.g3 g6 4.Bg2 Bg7 5.O-O O-O 6.c4 d6 7.Nc3 c6 8.Qc2 h6 9.Re1 g5
10.Bd2 Qe8 11.e4 fxe4 12.Nxe4 Qg6 13.Nxf6+ Qxf6 14.Bc3 Qf7 15.d5 Bf5 16.Qd2 c5
17.Re6 Bxc3 18.bxc3 Bxe6 19.Nxg5 hxg5 20.dxe6 Qf5 21.Bxb7 Nc6 22.Bxc6 Rab8
23.Kg2 Rf6 24.Re1 Kg7 25.Be4 Qg4 26.h3 Qh5 27.h4 Rbf8 28.f3 Rxf3 29.Bxf3 Qxf3+
30.Kh2 Rf5 31.Qe3 Qg4 32.Qe2 Rf3 33.Qg2 Qf5 34.Re2 g4 35.Kg1 Qd3 36.Rd2 Qxc3
37.Kh2 Qxc4 38.Qg1 Qxe6  0-1

[Event "Najdorf Memorial"]
[Site "Warsaw POL"]
[Date "2011.07.22"]
[Round "9"]
[White "Brodsky,M"]
[Black "Nguyen,P"]
[Result "1/2-1/2"]
[WhiteElo "2563"]
[BlackElo "2378"]

1.d4 f5 2.g3 Nf6 3.Bg2 g6 4.c4 Bg7 5.Nf3 O-O 6.O-O d6 7.Nc3 Qe8 8.d5 a5 9.Ne1 Na6
10.Nd3 Bd7 11.Bd2 c6 12.Qb3 cxd5 13.Nxd5 Ne4 14.Bxa5 Nac5 15.Nxc5 Nxc5 16.Qb4 Bc6
17.Nc7 Na6 18.Nxe8 Nxb4 19.Nxg7 Rxa5 20.Ne6 Rc8 21.Bxc6 Rxc6 22.b3 Nxa2 23.Rfd1 Raa6
24.Nd4 Rc8 25.Nc2 Rca8 26.Kf1 Kf7 27.f3 e5 28.Ke1 Nb4 29.Rac1 Nxc2+ 30.Rxc2  1/2-1/2

[Event "20th ch-MKD Open"]
[Site "Struga MKD"]
[Date "2011.07.23"]
[Round "8"]
[White "Zmijanac,D"]
[Black "Pancevski,F"]
[Result "0-1"]
[WhiteElo "2179"]
[BlackElo "2410"]

1.d4 g6 2.Nf3 f5 3.g3 Bg7 4.Bg2 Nf6 5.O-O O-O 6.c4 d6 7.Nc3 Qe8 8.d5 Na6
9.Rb1 Bd7 10.b3 c6 11.Bb2 h6 12.Re1 Nc5 13.Nd4 Nce4 14.Nxe4 fxe4 15.dxc6 bxc6
16.f3 c5 17.Nc2 Bc6 18.Ne3 Qf7 19.Rf1 Nd7 20.fxe4 Qe6 21.Bxg7 Kxg7 22.Nd5 Rxf1+
23.Qxf1 Rf8 24.Qe1 Bxd5 25.Qc3+ Kg8 26.cxd5 Qe5 27.Qxe5 Nxe5 28.h3 a5 29.Rc1 Rb8
30.Kf2 a4 31.Rc3 axb3 32.axb3 Ra8 33.Ke3 Ra2 34.Bf3 Kg7 35.Bg2 Kf6 36.Bf3 Ra1
37.Bg2 Rg1 38.Kf2 Rb1 39.Ke3 Rb2 40.Bf3 Kf7 41.Kf4 Ra2 42.h4 Kf6 43.Ke3 g5
44.hxg5+ hxg5 45.Bh5 Ra8 46.Rc1 Rh8 47.g4 Rb8 48.Rc3 Rb4 49.Kf2 Rxe4 50.e3 Rb4
51.Kg3 Rb8 52.e4  0-1

[Event "98th ch-GBR"]
[Site "Sheffield ENG"]
[Date "2011.08.04"]
[Round "10.6"]
[White "Houska,Jo"]
[Black "Rendle,T"]
[Result "1/2-1/2"]
[WhiteElo "2418"]
[BlackElo "2386"]

1.d4 f5 2.g3 Nf6 3.Bg2 g6 4.Nf3 Bg7 5.O-O O-O 6.c4 d6 7.Nc3 c6 8.d5 e5 9.dxe6 Bxe6
10.b3 Na6 11.Ng5 Qe7 12.Nxe6 Qxe6 13.Bb2 Nc5 14.Qc2 Rfe8 15.Rad1 Rad8 16.e3 Nce4
17.Rfe1 Qf7 18.Nxe4 Nxe4 19.Bxg7 Qxg7 20.Rd4 Qe5 21.Red1 Rd7 22.b4 h5 23.b5 Kh7
24.h4 Re6 25.bxc6 bxc6 26.Bxe4 fxe4 27.Qa4 Rc7 28.Qa3  1/2-1/2

[Event "8th Ostroda Open"]
[Site "Ostroda POL"]
[Date "2011.08.05"]
[Round "2.4"]
[White "Lewandowski,K"]
[Black "Wodzynski,Mic"]
[Result "1-0"]
[WhiteElo "2140"]
[BlackElo "1976"]

1.d4 f5 2.Nf3 Nf6 3.g3 g6 4.Bg2 Bg7 5.O-O O-O 6.c4 d6 7.Nc3 e6 8.Qc2 Nc6
9.b3 e5 10.dxe5 dxe5 11.Ba3 Re8 12.Rad1 Bd7 13.e4 Qc8 14.Bh3 Be6 15.Rfe1 Nh5
16.Nd5 f4 17.Bxe6+ Rxe6 18.b4 fxg3 19.fxg3 Nd4 20.Nxd4 exd4 21.b5 Qd7 22.Qb3 c6
23.bxc6 bxc6 24.Nb4 Rae8 25.Nd3 Qd8 26.Nc5 Re5 27.Nb7 Qg5 28.Nd6 R8e6 29.Qb8+ Re8
30.Nxe8 Nxg3 31.Nxg7+  1-0

[Event "20th ZDMI Open A"]
[Site "Dresden GER"]
[Date "2011.08.07"]
[Round "2"]
[White "Kaiser,E"]
[Black "Markgraf,Al"]
[Result "0-1"]
[WhiteElo "2108"]
[BlackElo "2476"]

1.d4 f5 2.g3 Nf6 3.Bg2 g6 4.Nf3 Bg7 5.O-O O-O 6.c4 d6 7.Nc3 Qe8 8.Re1 Qf7
9.e4 Nxe4 10.Nxe4 fxe4 11.Rxe4 Nc6 12.Be3 h6 13.Qd2 Bf5 14.Rh4 g5 15.Bxg5 hxg5
16.Nxg5 Qxc4 17.Bf1 Qb4 18.Qd1 Nxd4 19.a3 Qxb2 20.Bc4+ e6 21.Ra2 Qb1 22.Rxd4 Bxd4
23.Bxe6+ Kg7  0-1

[Event "MMK Krakow IM"]
[Site "Krakow POL"]
[Date "2011.08.09"]
[Round "5.1"]
[White "Fraczek,Dan"]
[Black "Sivuk,V"]
[Result "1/2-1/2"]
[WhiteElo "2374"]
[BlackElo "2422"]

1.Nf3 f5 2.d4 g6 3.g3 Bg7 4.Bg2 Nf6 5.O-O O-O 6.c4 d6 7.b4 e6 8.Nc3 Qe7 9.Bb2 Nbd7
10.c5 Ne4 11.Qd3 Nxc3 12.Qxc3 a5 13.cxd6 cxd6 14.bxa5 Nb8 15.Nd2 Nc6 16.Nb3 f4
17.Qd2 e5 18.dxe5 dxe5 19.Rad1 Bg4 20.h3 Be6 21.Qd6 Qxd6 22.Rxd6 Bxb3 23.axb3 Rxa5
24.Rd7 Ra2 25.Rb1 fxg3 26.fxg3 Nd4 27.Bd5+ Kh8 28.Bxd4 exd4 29.Bc4 Ra5 30.Rf1 Rxf1+
31.Kxf1 Rf5+ 32.Kg2 b6 33.g4 Rf8 34.Rd5 h6 35.h4 Bf6 36.Kg3 Rd8 37.Rb5 Rd6
38.g5 hxg5 39.hxg5 Bd8 40.Re5 Kg7 41.Kg4 Kf8 42.Kf3 Rd7 43.Re6 Bxg5 44.Rxb6 Kg7
45.Bd3 Bf6 46.b4 g5 47.b5 Bd8 48.Rg6+ Kf7 49.Rh6 Bf6 50.Rh7+ Ke8 51.Rh6 Rd6
52.Kg4 Kd8 53.Kf5 Be5 54.Rh7 Bf4 55.Be4 Rd7 56.Rh6 Rd6 57.Rh8+ Kc7 58.Bd3 Rd5+
59.Ke4 Rd6 60.Rh7+  1/2-1/2

[Event "20th ZMDI Open A"]
[Site "Dresden GER"]
[Date "2011.08.11"]
[Round "6.15"]
[White "Wichmann,C"]
[Black "Markgraf,Al"]
[Result "0-1"]
[WhiteElo "2360"]
[BlackElo "2476"]

1.d4 f5 2.Nf3 Nf6 3.g3 g6 4.Bg2 Bg7 5.O-O O-O 6.c4 d6 7.Nc3 c6 8.Rb1 Kh8
9.b4 Nbd7 10.Ng5 Nb6 11.b5 cxb5 12.c5 Nc4 13.Rxb5 d5 14.f3 b6 15.Qd3 a6 16.Rb1 bxc5
17.dxc5 h6 18.Nh3 Be6 19.Kh1 Bf7 20.Na4 Rc8 21.Be3 Nxe3 22.Qxe3 d4 23.Qd2 Nd5
24.Nb6 Rxc5 25.Nxd5 Qxd5 26.Nf4 Qc6 27.Rb2 Rc8 28.Nd3 Rc2 29.Qb4 Rxb2 30.Qxb2 Qb5
31.Rb1 Rb8 32.Qxb5 Rxb5 33.Ra1 Ra5 34.a3 e5 35.Kg1 Bf8 36.Kf2 Kg7 37.a4 Kf6
38.Rb1 Bc4 39.Rb6+ Be6 40.Rc6 h5 41.Ke1 g5 42.Kd2 Ke7 43.Kc2 Kd7 44.Rb6 Bd6
45.Rb7+ Bc7 46.Ra7 Kc8 47.Nb4 Bd6 48.Nxa6 Bc4  0-1

[Event "MMK Krakow IM"]
[Site "Krakow POL"]
[Date "2011.08.11"]
[Round "7.1"]
[White "De Verdier,M"]
[Black "Sivuk,V"]
[Result "1/2-1/2"]
[WhiteElo "2359"]
[BlackElo "2422"]

1.d4 f5 2.Nf3 g6 3.g3 Bg7 4.Bg2 Nf6 5.O-O O-O 6.c4 d6 7.Nc3 e6 8.Re1 Ne4
9.Qc2 Nxc3 10.bxc3 Nc6 11.e4 e5 12.dxe5 dxe5 13.Ba3 Re8 14.exf5 gxf5 15.Nh4 Qf6
16.Rab1 e4 17.Qe2 Ne5 18.f3 Qa6 19.Bc5 Qxc4 20.Qxc4+ Nxc4 21.fxe4 Bxc3 22.Re2 Nd6
23.Re3 Bf6 24.Nxf5 Nc4 25.Ree1 Ne5 26.Rf1 b6 27.Ba3 Ba6 28.Rf2 h5 29.Ne3 Bg7
30.Nf5 Bf8 31.Bxf8 Rxf8 32.Ne7+ Kg7 33.Rf5 Rxf5 34.exf5 Rd8 35.Re1 Ng4 36.Nc6 Rd2
37.h3 Nh6 38.Re7+ Kf8 39.f6 Ng8 40.Rxc7 Nxf6 41.Rxa7 Bc4 42.a3 Rxg2+ 43.Kxg2 Bd5+
44.Kf2 Bxc6 45.Ke3 Bd7 46.g4 hxg4 47.hxg4 Nxg4+ 48.Kf4 Nf6 49.Ke5 Ke7 50.Ra6 Ng4+
51.Kf4 b5 52.a4 bxa4 53.Rxa4 Bxa4 54.Kxg4  1/2-1/2

[Event "4th Jessie Gilbert Open"]
[Site "Coulsdon ENG"]
[Date "2011.08.24"]
[Round "5"]
[White "Campbell,E"]
[Black "Heikkila,A"]
[Result "1/2-1/2"]
[WhiteElo "1876"]
[BlackElo "2020"]

1.Nf3 f5 2.c4 Nf6 3.g3 g6 4.Bg2 Bg7 5.O-O O-O 6.d4 d6 7.Nc3 Qe8 8.d5 c5 9.Re1 Na6
10.e4 Nxe4 11.Nxe4 fxe4 12.Rxe4 Bf5 13.Re1 b5 14.Bg5 Rf7 15.Qe2 bxc4 16.Qxc4 Nb4
17.Qh4 Nc2 18.Bxe7 Nxa1 19.Bxd6 Qd8 20.Be7 Qa5 21.b4 Qxb4 22.d6 Rb8 23.Qxb4 cxb4
24.Ng5 Bc3 25.Nxf7 Bxe1 26.Nh6+ Kg7 27.Nxf5+ gxf5 28.d7 a5 29.Bb7 Rh8 30.Bc6 b3
31.axb3 Bb4 32.d8=Q Rxd8 33.Bxd8 Nxb3  1/2-1/2

[Event "ch-FRA Accession"]
[Site "Caen FRA"]
[Date "2011.08.25"]
[Round "9.23"]
[White "Jeanne,M"]
[Black "Mania,C"]
[Result "1-0"]
[WhiteElo "2204"]
[BlackElo "2130"]

1.Nf3 f5 2.c4 Nf6 3.g3 g6 4.Bg2 Bg7 5.O-O O-O 6.d4 d6 7.Nc3 Nc6 8.d5 Ne5
9.Nxe5 dxe5 10.Qb3 h6 11.c5 Kh8 12.Rd1 g5 13.Bd2 a6 14.Na4 Qe8 15.Ba5 Bd7
16.Nc3 b6 17.cxb6 cxb6 18.Qxb6 Rb8 19.Qxa6 e4 20.Bc7 Ra8 21.Qb6 Qh5 22.Be5 e3
23.fxe3 f4 24.exf4 gxf4 25.gxf4 Rg8 26.Rd3 Bg4 27.Re1 Nd7 28.Bxg7+ Rxg7 29.Qd4 Rg8
30.Ne4 Qh4 31.Rg3 Bf5 32.Rf1 Bxe4 33.Rxg7 Rxg7 34.Qxe4 Nf6 35.Qf3 Ng4 36.h3 Nf6
37.Rc1 Kg8 38.Qe3 Kh7 39.Kf1 Rf7 40.Be4+ Kg7 41.Bg2 Ne8 42.Qe5+ Kh7 43.e3 Nd6
44.Be4+ Kg8 45.Rc2 Nxe4 46.Qxe4 Qxh3+ 47.Qg2+  1-0

[Event "3rd Senica Open"]
[Site "Senica SVK"]
[Date "2011.08.25"]
[Round "6.5"]
[White "Dmitrenko,V"]
[Black "Polacik,I"]
[Result "1-0"]
[WhiteElo "2353"]
[BlackElo "2165"]

1.Nf3 f5 2.g3 Nf6 3.Bg2 g6 4.c4 Bg7 5.O-O O-O 6.d4 d6 7.b4 a5 8.b5 c5 9.e3 Nbd7
10.Bb2 h6 11.Qc2 Qe8 12.Nc3 e5 13.dxe5 dxe5 14.e4 f4 15.Nh4 Nh7 16.Nd5 Qf7
17.Nxg6 Re8 18.Nh4 Ndf8 19.Nf5 Bxf5 20.exf5 Ng5 21.h4 Ngh7 22.Nxf4 Nf6 23.Nd5 Rad8
24.Rad1 N8d7 25.Nc7 Re7 26.Bxb7 Rb8 27.Bc6 Nb6 28.Nd5 Nfxd5 29.cxd5 c4 30.d6 Ra7
31.Rfe1  1-0

[Event "23rd Porto San Giorgio Open"]
[Site "Porto San Giorgio ITA"]
[Date "2011.08.27"]
[Round "8"]
[White "Naumkin,I"]
[Black "Suvrajit,S"]
[Result "1-0"]
[WhiteElo "2486"]
[BlackElo "2362"]

1.d4 f5 2.Nf3 Nf6 3.g3 g6 4.Bg2 Bg7 5.O-O O-O 6.c4 d6 7.Nc3 Qe8 8.d5 Na6
9.Be3 h6 10.Qc2 g5 11.Rae1 Kh8 12.Bd4 c5 13.Bxf6 Bxf6 14.e3 Nc7 15.Nd2 b5
16.f4 Rb8 17.b3 Bd7 18.Kh1 Qg6 19.Ne2 Qg7 20.e4 bxc4 21.Nxc4 fxe4 22.Qxe4 e6
23.fxg5 hxg5 24.Nxd6 exd5 25.Qc2 Be7 26.Nf5 Bxf5 27.Rxf5 Rxf5 28.Qxf5 Rf8
29.Qh3+ Kg8 30.Qh5 Qf7 31.Qg4 Qf5 32.Qh5 Bf6 33.Nf4 Rf7 34.Bh3 Qh7 35.Qg4 Kg7
36.Bg2 d4 37.Nh5+ Kh6 38.Nxf6 Rxf6 39.Qh3+  1-0

[Event "TCh-SRB Premier Men"]
[Site "Valjevo SRB"]
[Date "2011.08.27"]
[Round "1.6"]
[White "Benkovic,P"]
[Black "Podinic,V"]
[Result "1/2-1/2"]
[WhiteElo "2423"]
[BlackElo "2415"]

1.d4 f5 2.Nf3 Nf6 3.g3 g6 4.Bg2 Bg7 5.O-O O-O 6.c4 d6 7.Nc3 Qe8 8.Nd5 Nxd5
9.cxd5 c6 10.Qb3 cxd5 11.Qxd5+ Kh8 12.Rd1 Nc6 13.Qb3 e5 14.d5 Nd8 15.Qa3 Nf7
16.Bd2 Qe7 17.Rac1 e4 18.Ne1 g5 19.f4 exf3 20.exf3 f4 21.gxf4 gxf4 22.Bxf4 Ne5
23.Bg3 Bf5 24.Kh1 h5 25.Qb4 Rac8 26.Qh4 Qxh4 27.Bxh4 Nc4 28.b3 Ne3 29.Rxc8 Rxc8
30.Rd2 Rc1 31.Re2 Nxd5 32.Bg3 Bc3 33.h4 Nb4 34.Kh2 d5 35.Be5+ Bxe5+ 36.Rxe5 Bg6
37.f4 d4 38.f5 d3 39.Nf3 Bf7 40.Re7 Bd5 41.f6 Rc2 42.Rd7 Bxf3 43.Rd8+ Kh7
44.f7 Rxg2+ 45.Kh3 Rf2 46.Kg3 Bd5 47.Kxf2 Bxf7 48.Rd7 Kg6 49.Rxb7 Nxa2 50.Ke3 a5
51.Rb5 Nc1 52.Rxa5 Nxb3 53.Rg5+ Kf6 54.Kxd3 Bg6+ 55.Kc3 Nc1 56.Kd2 Nd3 57.Rxg6+ Kxg6
58.Kxd3 Kf5 59.Ke3 Kg4 60.Kf2 Kxh4  1/2-1/2

[Event "TCh-SRB Premier Men"]
[Site "Valjevo SRB"]
[Date "2011.08.31"]
[Round "5.3"]
[White "Vojinovic,G"]
[Black "Podinic,V"]
[Result "1/2-1/2"]
[WhiteElo "2435"]
[BlackElo "2415"]

1.d4 f5 2.c4 Nf6 3.Nf3 g6 4.g3 Bg7 5.Bg2 O-O 6.O-O d6 7.Nc3 Qe8 8.d5 a5 9.Nd4 Na6
10.e4 fxe4 11.Nxe4 Nxe4 12.Bxe4 Nc5 13.Bg2 Kh8 14.Be3 Bd7 15.Qd2 Qf7 16.Rac1 a4
17.Rfe1 Rfe8 18.h3 Qf6 19.Re2 Rab8 20.Qd1 b6 21.Nb5 Bxb5 22.cxb5 Ra8 23.Rc4 Qf5
24.Rd2 Qd7 25.Rb4 Ra5 26.Bf1 a3 27.b3 Bc3 28.Bd4+ Bxd4 29.Rbxd4 e5 30.dxe6 Nxe6
31.Re4 Raa8 32.Bg2 Rad8 33.Rde2 Ng7 34.Rxe8+ Nxe8 35.Bc6 Qf7 36.Rxe8+ Rxe8
37.Qd4+ Re5 38.f4 Qf5 39.fxe5 Qb1+ 40.Kh2 Qxa2+ 41.Bg2 dxe5 42.Qxe5+ Kg8
43.h4 Qf2 44.Kh1 a2 45.b4 Kf8 46.Qh8+ Ke7 47.Qxh7+ Kd8 48.Qh8+ Ke7 49.Qe5+ Kd8
50.Qa1 Ke7 51.Bd5 Qxg3 52.Qxa2 Qxh4+ 53.Kg1 Qd4+ 54.Kg2 Qg4+ 55.Kf2 Qd4+
56.Ke2 Qxb4 57.Bc6 Kf6 58.Qd2 Qg4+ 59.Kf1 Qc4+ 60.Kg1 Qc5+ 61.Qf2+ Ke5 62.Kg2 g5
63.Qg3+ Kf5 64.Qf3+ Ke5 65.Kh3 Qd4 66.Qg4 Qd2 67.Qe4+ Kd6 68.Kg4 Kc5 69.Qf5+ Kb4
70.Kh5 Ka5 71.Qe5 Qd8 72.Qc3+ Ka4 73.Qa1+ Kb4 74.Qe1+ Ka4 75.Qe8 Qd2 76.Qe5 Qd8
77.Qxg5 Qh8+ 78.Kg4 Qd4+ 79.Kf5 Qd3+ 80.Ke6 Qd6+ 81.Kf7 Ka5 82.Be8 Qd4 83.Qf6 Qd5+
84.Qe6 Qh5+ 85.Ke7 Qg5+ 86.Kd7 Qxb5+ 87.Kxc7 Qc5+ 88.Kb7 Kb4 89.Qe1+ Kc4
90.Bf7+ Kd4 91.Be6 Kd3 92.Qd1+ Ke4 93.Qg4+ Ke5 94.Bd7 Kf6 95.Qf4+ Ke7 96.Bc6 Ke6
97.Qg4+ Kd6 98.Qf3 Ke5 99.Qe4+ Kf6  1/2-1/2

[Event "Yuzhny Open"]
[Site "Yuzhny UKR"]
[Date "2011.09.05"]
[Round "5.12"]
[White "Kurochkin,Val"]
[Black "Neschetny,V"]
[Result "1-0"]
[WhiteElo "2329"]
[BlackElo "2123"]

1.d4 g6 2.Nf3 Bg7 3.c4 f5 4.g3 Nf6 5.Bg2 O-O 6.O-O d6 7.b3 c6 8.Bb2 Ne4 9.Nbd2 d5
10.Qc2 Be6 11.Rac1 Na6 12.a3 Rc8 13.Rfd1 Qe8 14.e3 h6 15.cxd5 cxd5 16.Qb1 Nb8
17.Rxc8 Bxc8 18.Rc1 Nc6 19.b4 Be6 20.Nb3 Nd6 21.Nc5 Bc8 22.Ne5 e6 23.Bf1 Nxe5
24.dxe5 Ne4 25.f3 Nd2 26.Qa2 Nxf3+ 27.Kg2 Nd2 28.Be2 b6 29.Nb3 Nxb3 30.Qxb3 Qd7
31.Bd4 Bb7 32.a4 Rc8 33.Rxc8+ Qxc8 34.a5 Qc7 35.axb6 axb6 36.Qa4 Bc6 37.Qc2 Qb7
38.b5 Be8 39.Qa2 Qc7 40.Qa6 Bxe5 41.Bxb6 Qd6 42.Qa7 Bd7 43.Kf2 Bc8 44.Bd4 Bxd4
45.exd4 f4 46.Qc5 fxg3+ 47.hxg3 Qf8+ 48.Kg2 Bb7 49.Kg1 Bc8 50.b6 Qxc5 51.dxc5 Bb7
52.Bb5 Kf7 53.Bd7 Ke7 54.c6  1-0

[Event "TCh-POL 1st League"]
[Site "Mrzezyno POL"]
[Date "2011.09.08"]
[Round "6"]
[White "Pieniazek,Ar"]
[Black "Jakubiec,A"]
[Result "0-1"]
[WhiteElo "2362"]
[BlackElo "2528"]

1.d4 f5 2.c4 Nf6 3.Nf3 g6 4.g3 Bg7 5.Bg2 O-O 6.O-O d6 7.Nc3 c6 8.d5 e5 9.dxe6 Bxe6
10.b3 Na6 11.Bb2 Nc5 12.Qc2 Qc7 13.Rad1 Rae8 14.e3 Bc8 15.h3 h6 16.b4 Na6
17.a3 Be6 18.Ne2 Bf7 19.h4 Qe7 20.Rd3 Nc7 21.Rc1 Rd8 22.Bd4 a6 23.c5 d5 24.Nf4 Ng4
25.Bxg7 Kxg7 26.Nd4 Qf6 27.Rb3 Be8 28.Bh3 Kg8 29.Qe2 Ne5 30.Nd3 Bd7 31.Nxe5 Qxe5
32.Qf3 g5 33.Qh5 Qg7 34.hxg5 hxg5 35.Bf1 Ne8 36.Bd3 Nf6 37.Qe2 Ne4 38.Kg2 Rde8
39.Bxe4 Rxe4 40.Rh1 Qxd4 41.Qh5 Qg7  0-1

[Event "8th LGA Premium Cup"]
[Site "Nuernberg GER"]
[Date "2011.09.10"]
[Round "5.30"]
[White "Nabavi,P"]
[Black "Fedorovsky,M"]
[Result "0-1"]
[WhiteElo "2214"]
[BlackElo "2416"]

1.d4 f5 2.g3 Nf6 3.Bg2 g6 4.Nf3 Bg7 5.O-O O-O 6.c4 d6 7.Nc3 Qe8 8.d5 Na6
9.Rb1 Nc5 10.Nd4 a5 11.b3 Bd7 12.Bb2 c6 13.e3 Rc8 14.Qe2 g5 15.Rbc1 Qg6 16.f4 h6
17.Rfd1 Nfe4 18.Kh1 Rce8 19.Bf3 g4 20.Bg2 h5 21.Bf1 h4 22.Nxe4 Nxe4 23.Bg2 hxg3
24.Bxe4 fxe4 25.hxg3 Qh5+ 26.Kg1 Qh3 27.Rc2 Qxg3+ 28.Kf1 c5 29.Nb5 Bxb2 30.Rxb2 Bxb5
31.cxb5 Kg7 32.Qe1 Qxe1+ 33.Rxe1 Kf6 34.Rh2 Rh8 35.Ree2 g3 36.Rxh8 Rxh8 37.Rg2 Rh3
38.Kg1 Kf5 39.a3 Kg4 40.b4 axb4 41.axb4 cxb4 42.Rb2 Kf3 43.b6 Rh5 44.Rxb4 g2  0-1

[Event "8th LGA Premium Cup"]
[Site "Nuernberg GER"]
[Date "2011.09.11"]
[Round "6.29"]
[White "Lorscheid,G"]
[Black "Renner,Christo"]
[Result "0-1"]
[WhiteElo "2277"]
[BlackElo "2432"]

1.d4 f5 2.g3 Nf6 3.Bg2 g6 4.Nf3 Bg7 5.O-O O-O 6.c4 d6 7.Nc3 c6 8.Rb1 Kh8
9.d5 e5 10.dxe6 Bxe6 11.b3 Na6 12.Bf4 Nh5 13.Bg5 Qd7 14.Nd4 f4 15.Nxe6 Qxe6
16.Qd2 Qe5 17.Ne4 d5 18.cxd5 cxd5 19.Bxf4 Nxf4 20.gxf4 Rxf4 21.Ng3 Rd4 22.Qa5 Rf8
23.e3 Rd3 24.Qb5 Rd2 25.Qxb7 Nc5 26.Qxa7 Nd3 27.f4 Qc3 28.Qe7 Qc2 29.Bxd5 Nf2
30.Rxf2 Qxb1+ 31.Rf1 Qxa2 32.Qe4 Rd8 33.Bc4 Rxh2 34.f5 Rf8 35.Bd5 Qb2 36.f6 Bh6
37.Nh1 Rh5 38.Nf2 Qxf6 39.Bc4 Re5 40.Qg2 Bxe3  0-1

[Event "ch-Nordic Senior"]
[Site "Reykjavik ISL"]
[Date "2011.09.13"]
[Round "4.16"]
[White "Gardarsson,Ha"]
[Black "Patola,E"]
[Result "1/2-1/2"]
[WhiteElo "1950"]
[BlackElo "1886"]

1.c4 f5 2.g3 Nf6 3.Bg2 g6 4.Nf3 Bg7 5.O-O O-O 6.d4 d6 7.Nc3 Qe8 8.Qb3 c6
9.Bg5 Qf7 10.Bc1 h6 11.e3 Na6 12.Nd2 Rb8 13.Qd1 Be6 14.b3 d5 15.Qe2 Ne4 16.Ncxe4 dxe4
17.Bb2 g5 18.h3 c5 19.g4 Qg6 20.a3 Rbd8 21.f3 cxd4 22.Bxd4 Rxd4 23.exd4 Bxd4+
24.Kh1 Bxa1 25.gxf5 Qxf5 26.Rxa1 exf3 27.Nxf3 Qf6 28.Rf1 Bf5 29.b4 Qe6 30.Nd4 Nc7
31.Kg1 b6 32.Rf3 Rf6 33.Re3 Qd6 34.Nf3  1/2-1/2

[Event "ch-Nordic Senior"]
[Site "Reykjavik ISL"]
[Date "2011.09.15"]
[Round "6.11"]
[White "Danielsson,R"]
[Black "Patola,E"]
[Result "1-0"]
[WhiteElo "2087"]
[BlackElo "1886"]

1.d4 f5 2.Nf3 Nf6 3.g3 g6 4.Bg2 Bg7 5.O-O O-O 6.c4 d6 7.Nc3 Qe8 8.d5 Na6
9.Rb1 Bd7 10.b4 h6 11.a3 Rb8 12.Bb2 Qf7 13.Nd4 Kh7 14.Qd3 Ng4 15.f4 Qe8 16.e4 c5
17.dxc6 bxc6 18.exf5 gxf5 19.Nf3 Nc7 20.Ne2 Bxb2 21.Rxb2 a5 22.Nh4 axb4 23.axb4 h5
24.Rfb1 Qf7 25.Nd4 c5 26.bxc5 Rxb2 27.Rxb2 dxc5 28.Ndf3 Qe8 29.h3 Nh6 30.Rd2 Be6
31.Ng5+ Kh8 32.Qe3 Rf6 33.Qxc5 Na6 34.Qa5 Bd7 35.c5 Nb8 36.Qc7 Ra6 37.c6 Nxc6
38.Rxd7 Ra7 39.Qxc6 Qxd7 40.Qxh6+ Kg8 41.Qh7+  1-0

[Event "ch-Nordic Senior"]
[Site "Reykjavik ISL"]
[Date "2011.09.17"]
[Round "8.7"]
[White "Gunnarsson,Gun"]
[Black "Patola,E"]
[Result "0-1"]
[WhiteElo "2220"]
[BlackElo "1886"]

1.d4 f5 2.Nf3 Nf6 3.g3 g6 4.Bg2 Bg7 5.O-O O-O 6.c4 d6 7.Nc3 Qe8 8.d5 Na6
9.Nd4 Bd7 10.Rb1 Nc5 11.b4 Nce4 12.Bb2 a6 13.Qd3 Rb8 14.f3 Nxc3 15.Bxc3 c6
16.e4 f4 17.Rbe1 fxg3 18.hxg3 Nh5 19.f4 c5 20.bxc5 dxc5 21.Nb3 Bxc3 22.Qxc3 Qc8
23.Kh2 b5 24.Rf2 Nf6 25.Kg1 b4 26.Qc1 Ra8 27.Bf3 a5 28.Qe3 a4 29.Nxc5 Ng4
30.Bxg4 Bxg4 31.Rc1 Ra5 32.Nd3 Qb7 33.Rb2 b3 34.axb3 a3 35.Ra2 Qxb3 36.Qd2 Rfa8
37.Rc3 Qb1+ 38.Rc1 Qb3 39.Qc2 Rb8 40.Kf2 Qb6+ 41.c5 Qf6 42.Qc3 Qa6 43.Nb4 Qf6
44.Nd3 Qa6 45.Ke3 Ra4 46.Ne5 Rb2 47.Rxb2 axb2 48.Qxb2 Ra3+ 49.Kd4 Be2 50.Qb8+ Kg7
51.Nc6 Ra4+ 52.Ke5 Rxe4+ 53.Kxe4 Qd3+ 54.Ke5 Qe3+  0-1

[Event "34th OFSz Mayor's Cup"]
[Site "Zabrze POL"]
[Date "2011.09.24"]
[Round "2.1"]
[White "Jelen,Ja"]
[Black "Malaniuk,V"]
[Result "0-1"]
[WhiteElo "2013"]
[BlackElo "2496"]

1.d4 f5 2.g3 Nf6 3.Bg2 g6 4.Nf3 Bg7 5.O-O O-O 6.c4 d6 7.Nc3 Qe8 8.Rb1 e5
9.dxe5 dxe5 10.e3 e4 11.Nd4 c6 12.b3 Qe7 13.Bb2 Nbd7 14.Qe2 Ne5 15.Nc2 Re8
16.Ba3 Qf7 17.Ne1 h5 18.Rd1 g5 19.Qc2 g4 20.Bd6 Nh7 21.Bxe5 Bxe5 22.Nxe4 fxe4
23.Bxe4 Nf8 24.Ng2 Bf6 25.f3 Qg7 26.Nf4 Qg5 27.Ng2 Bg7 28.f4 Qc5 29.Rde1 a5
30.f5 Nh7 31.Bd3 Nf6 32.Kh1 a4 33.Nf4 axb3 34.axb3 Rxe3 35.Ng6 Rxe1 36.Rxe1 Bd7
37.Nf4 Qa7 38.Re2 Qa1+ 39.Kg2 c5 40.Ne6 Bc6+ 41.Kf2 Bh6 42.Qb2 Qh1 43.Nf4 Qxh2+
44.Kf1 Qh1+ 45.Kf2 Qf3+ 46.Kg1 Qxg3+ 47.Ng2 Bxg2 48.Qxf6 Bh3+ 49.Kh1 Qf3+
50.Kg1 Qf1+  0-1

[Event "Tatry Open"]
[Site "Tatranske Zruby SVK"]
[Date "2011.09.25"]
[Round "1.18"]
[White "Petran,Pe"]
[Black "Nicolini,A"]
[Result "1-0"]
[WhiteElo "2297"]
[BlackElo "2154"]

1.g3 f5 2.Bg2 Nf6 3.Nf3 g6 4.d4 Bg7 5.O-O O-O 6.c4 d6 7.Nc3 Qe8 8.d5 c5 9.Rb1 Na6
10.a3 Bd7 11.b4 cxb4 12.axb4 Rc8 13.Qb3 Ng4 14.Bd2 e5 15.h3 e4 16.hxg4 exf3
17.exf3 fxg4 18.Rbe1 Qd8 19.fxg4 Bxg4 20.Nb5 Nc7 21.Nxa7 Ra8 22.Be3 Kh8 23.Bb6 Qd7
24.Re3 Rae8 25.Rfe1 Rxe3 26.Bxe3 Bf3 27.Bb6 Bxg2 28.Kxg2 Re8 29.Rxe8+ Nxe8
30.Nb5 Nf6 31.Qf3 h5 32.Bd4 Ng4 33.Qf8+  1-0